000
00265nmm a2200097Ia 4500
008
220120s9999||||xx |||||||||||||||||und||
020
_a
0-07-044580-X
100
_a
Digit
245
0
_a
Essential software and drivers, benchmarking utilities, secu
260
_b
New Delhi
999
_c
139755
_d
139755